000 01426nam a2200349Ma 4500
001 104098
005 20230410132824.0
008 060124s2005 mx a g 000 j spa d
035 _a(OCoLC)ocn651367132
040 _aBNMEX
_bspa
_cBNMEX
020 _a9703227538
020 _a9789703227532
035 _a(OCoLC)651367132
082 0 4 _a863.08
_bLUN.c.29
049 _aGRAL
050 1 4 _a1erAPT1erB272 r2005
100 1 _aBarrera Vázquez, Alfredo.
245 1 0 _aRecopilación de cuentos mayas /
_cAlfredo Barrera Vâazquez ; viñetas Alfredo Zalce.
250 _aEd. facs.
260 _aMéxico :
_bUNAM, Direción General de Publicaciones y Fomento Editorial,
_c2005.
300 _a34 [1] p. :
_bil. ;
_c21 cm. en caja 22 x 14 x 13 cm.
490 1 _aColección "Lunes" ;
_v29
500 _aEn el colofón: "En los Talleres de la Editorial Costa-Amic, se terminó de imprimir el 30 de enero de 1947, el vigésimo nono número de la colección "Lunes", que editan Pablo y Henrique González-Casanova".
534 _pFascímil de:
_cMâexico : Talleres de la Editorial Costa-Amic, 1947.
700 1 2 _aZalce, Alfredo
_d1908-
_eil.
710 2 2 _aUniversidad Nacional Autónoma de México
_bDirección General de Publicaciones y Fomento Editorial.
830 0 _aColección "Lunes" ;
_v29.
942 _2lcc
946 _aKK
994 _aC0
_bDRFGD
999 _c88382
_d88382